La investigación educativa como herramienta de formación del profesorado: reflexión y experiencias de investigación educativa

שמור ב:
מידע ביבליוגרפי
מחבר ראשי: Imbernón Muñoz, Francisco (Author)
פורמט: ספר
שפה:ספרדית
יצא לאור: Barcelona Graó 2002
סדרה:Formación y Desarrollo Profesional del Profesorado, 167
נושאים:
תגים: הוספת תג
אין תגיות, היה/י הראשונ/ה לתייג את הרשומה!

MARC

LEADER 00000cam a2200000 a 4500
001 UCM2878
003 CL-VaPUC
008 020621e20020100SP |||||||||||||||||spa|d
082 0 4 |a 370.7  |b IMB  |2 21 
100 |a Imbernón Muñoz, Francisco  |e author  |9 558233 
245 1 3 |a La investigación educativa como herramienta de formación del profesorado: reflexión y experiencias de investigación educativa 
300 |a 185 p 
942 |c BK 
945 |d 20020621 00:00:00  |a vberengu 
260 |a Barcelona  |b Graó  |c 2002 
650 0 |a Investigación educacional   |9 261192 
650 0 |a Formación de docentes  |9 329378 
583 |a last modification  |c 20160121 10:16:05  |k Rodrigo Vera 
490 0 |a Formación y Desarrollo Profesional del Profesorado, 167 
999 |c 300496  |d 300494 
952 |0 0  |1 0  |4 0  |6 370_700000000000000_IMB_2002  |7 0  |8 A  |9 358343  |a FDOPOS  |b FDOPOS  |d 2019-11-21  |i 3820343  |o 370.7 IMB 2002  |p 3820343  |r 2025-01-22  |w 2019-11-21  |y BK  |k MLA 
952 |0 0  |1 0  |4 0  |6 370_700000000000000_IMB_2002  |7 0  |8 A  |9 358344  |a FDOPOS  |b FDOPOS  |d 2019-11-21  |i 3868257  |o 370.7 IMB 2002  |p 3868257  |r 2025-01-22  |w 2019-11-21  |y BK  |k MLA 
952 |0 0  |1 0  |4 0  |6 370_700000000000000_IMB_2002  |7 0  |8 A  |9 358345  |a BIBTEO  |b BIBTEO  |d 2019-11-21  |i 3914186  |l 3  |m 1  |o 370.7 IMB 2002  |p 3914186  |r 2025-01-17  |s 2024-09-27  |w 2019-11-21  |y BK  |k ICR 
952 |0 0  |1 0  |3 erb  |4 0  |6 370_700000000000000_IMB_2002  |7 0  |8 A  |9 358346  |a BIBEDU  |b BIBEDU  |c ES_NOD  |i 5263085  |l 2  |o 370.7 IMB 2002  |p 5263085  |r 2023-11-03  |s 2023-11-03  |w 2019-11-21  |y BK  |z Catalogado en:20160121  |k EPE 
952 |0 0  |1 0  |3 erb  |4 0  |6 370_700000000000000_IMB_2002  |7 0  |8 A  |9 358347  |a BIBEDU  |b BIBEDU  |c ES_NOD  |i 5263093  |o 370.7 IMB 2002  |p 5263093  |r 2023-08-09  |w 2019-11-21  |y BK  |z Catalogado en:20160121  |k EPE 
952 |0 0  |1 0  |3 erb  |4 0  |6 370_700000000000000_IMB_2002  |7 0  |8 A  |9 358348  |a BIBEDU  |b BIBEDU  |c ES_NOD  |i 5263107  |l 4  |o 370.7 IMB 2002  |p 5263107  |r 2023-11-03  |s 2023-11-03  |w 2019-11-21  |y BK  |z Catalogado en:20160121  |k EPE 
952 |0 0  |1 0  |3 erb  |4 0  |6 370_700000000000000_IMB_2002  |7 0  |8 A  |9 358349  |a BIBEDU  |b BIBEDU  |c ES_NOD  |i 5263115  |o 370.7 IMB 2002  |p 5263115  |r 2023-08-09  |w 2019-11-21  |y BK  |z Catalogado en:20160121  |k EPE 
952 |0 0  |1 0  |3 erb  |4 0  |6 370_700000000000000_IMB_2002  |7 0  |8 A  |9 358350  |a BIBEDU  |b BIBEDU  |c ES_NOD  |i 5263123  |o 370.7 IMB 2002  |p 5263123  |r 2023-08-09  |w 2019-11-21  |y BK  |z Catalogado en:20160121  |k EPE